| 000 | 00826nam a2200241 4500 | ||
|---|---|---|---|
| 001 | 118735 | ||
| 003 | ES-MaACL | ||
| 005 | 20250805003853.0 | ||
| 007 | t| | ||
| 008 | 070214s1978 sp r ||||1| spa d | ||
| 100 | 1 |
_aPetrarca, Francesco. _991528 |
|
| 245 | 1 | 0 |
_aPetrarca _b: obras : prosa / _cFrancesco Petrarca ; al cuidado de Francisco Rico ; textos, prólogo y notas de Pedro M. Cátedra, José M. Tatjer, Carlos Yarza. |
| 260 |
_aMadrid : _bAlfaguara, _c1978. |
||
| 300 |
_aLXXXVI, 470 p. ; _c22 cm. |
||
| 490 | 1 | _aClásicos alfaguara | |
| 700 | 1 |
_aRico, Francisco, _d1942- _997012 |
|
| 700 | 1 |
_aCátedra, Pedro M. _937051 |
|
| 700 | 1 |
_aTatjer, José M. _9109385 |
|
| 700 | 1 |
_aYarza, Carlos. _9117582 |
|
| 830 | 0 |
_aClásicos alfaguara _9178833 |
|
| 852 |
_aES-MaACL _jA-9065 _bR.98161 |
||
| 999 |
_c118735 _d118735 |
||